[Event "H. C. Andersen Mindgames"]
[Site "?"]
[Date "2012.05.19"]
[Round "6.3"]
[White "Skytte, 2394, IM Rasmus"]
[Black "Hagen, 2445, IM Andreas Skytte"]
[Result "1/2-1/2"]
[LiveChessVersion "1.3.1"]
[BlackElo "2445"]
[WhiteElo "2394"]

1. e4 {[%clk 1:29:59]} e5 {[%clk 1:30:57]} 2. Nf3 {[%clk 1:30:20]} Nc6
{[%clk 1:31:23]} 3. Bc4 {[%clk 1:30:42]} Bc5 {[%clk 1:31:49]} 4. d3
{[%clk 1:31:03]} Nf6 {[%clk 1:31:24]} 5. c3 {[%clk 1:31:19]} a6 {[%clk 1:31:47]}
6. h3 {[%clk 1:30:47]} d6 {[%clk 1:31:37]} 7. Bb3 {[%clk 1:31:07]} Ba7
{[%clk 1:31:38]} 8. Nbd2 {[%clk 1:31:05]} O-O {[%clk 1:31:29]} 9. Nf1
{[%clk 1:31:21]} d5 {[%clk 1:31:38]} 10. Qe2 {[%clk 1:31:31]} Be6
{[%clk 1:31:52]} 11. Ng3 {[%clk 1:29:52]} dxe4 {[%clk 1:31:44]} 12. dxe4
{[%clk 1:30:04]} Bxb3 {[%clk 1:32:09]} 13. axb3 {[%clk 1:30:24]} Qd7
{[%clk 1:26:39]} 14. O-O {[%clk 1:28:52]} Ne8 {[%clk 1:23:32]} 15. Nh4
{[%clk 1:21:12]} Nd6 {[%clk 1:14:47]} 16. Nhf5 {[%clk 1:20:07]} Nxf5
{[%clk 1:13:47]} 17. Nxf5 {[%clk 1:19:09]} Ne7 {[%clk 1:10:04]} 18. Rd1
{[%clk 1:13:47]} Qe6 {[%clk 1:10:09]} 19. Nxe7+ {[%clk 1:13:16]} Qxe7
{[%clk 1:10:35]} 20. Be3 {[%clk 1:12:33]} Bxe3 {[%clk 1:10:19]} 21. Qxe3
{[%clk 1:12:51]} Rfd8 {[%clk 1:09:58]} 22. b4 {[%clk 1:12:05]} Kf8
{[%clk 1:02:38]} 23. Qe2 {[%clk 1:08:43]} c6 {[%clk 0:55:05]} 24. g3
{[%clk 1:06:10]} g6 {[%clk 0:48:19]} 25. Kg2 {[%clk 1:02:52]} h5 {[%clk 0:45:30]}
26. h4 {[%clk 0:58:39]} Ke8 {[%clk 0:43:44]} 27. Qe3 {[%clk 0:53:45]} Rxd1
{[%clk 0:41:51]} 28. Rxd1 {[%clk 0:53:17]} Rd8 {[%clk 0:42:11]} 29. Rxd8+
{[%clk 0:52:20]} Kxd8 {[%clk 0:41:50]} 30. Kf1 {[%clk 0:48:04]} Kc7
{[%clk 0:41:44]} 31. Ke2 {[%clk 0:48:13]} Qd6 {[%clk 0:40:55]} 32. Qf3
{[%clk 0:46:46]} Qe6 {[%clk 0:40:25]} 33. Kd2 {[%clk 0:46:38]} Qd6+
{[%clk 0:40:42]} 34. Kc2 {[%clk 0:46:21]} 1/2-1/2

[Event "H. C. Andersen Mindgames"]
[Site "?"]
[Date "2012.05.19"]
[Round "6.4"]
[White "Fries-Nielsen, 2363, IM Jens Ove"]
[Black "Bromann, 2411, IM Thorbjorn"]
[Result "1-0"]
[LiveChessVersion "1.3.1"]
[BlackElo "2411"]
[WhiteElo "2363"]

1. d4 {[%clk 1:28:44]} d5 {[%clk 1:30:38]} 2. Bf4 {[%clk 1:28:36]} Nf6
{[%clk 1:27:37]} 3. Nc3 {[%clk 1:28:35]} e6 {[%clk 1:24:38]} 4. Nb5
{[%clk 1:28:17]} Na6 {[%clk 1:24:38]} 5. e3 {[%clk 1:28:28]} c6 {[%clk 1:23:29]}
6. Nc3 {[%clk 1:27:18]} b5 {[%clk 1:19:41]} 7. Nf3 {[%clk 1:26:17]} Qa5
{[%clk 1:09:53]} 8. Nd2 {[%clk 1:24:52]} Bb4 {[%clk 1:06:47]} 9. Ncb1
{[%clk 1:24:21]} Be7 {[%clk 1:02:17]} 10. c3 {[%clk 1:24:35]} b4 {[%clk 0:59:22]}
11. Nb3 {[%clk 1:22:10]} Qb6 {[%clk 0:58:51]} 12. cxb4 {[%clk 1:21:14]} Bxb4+
{[%clk 0:58:31]} 13. Nc3 {[%clk 1:20:19]} Ne4 {[%clk 0:45:41]} 14. Rc1
{[%clk 1:16:25]} c5 {[%clk 0:44:32]} 15. f3 {[%clk 1:14:46]} cxd4
{[%clk 0:39:11]} 16. Nxd4 {[%clk 1:05:59]} Bxc3+ {[%clk 0:32:16]} 17. bxc3
{[%clk 1:06:11]} Nec5 {[%clk 0:32:31]} 18. Rb1 {[%clk 0:54:58]} Qa5
{[%clk 0:30:29]} 19. Qd2 {[%clk 0:54:45]} Bd7 {[%clk 0:26:46]} 20. Bd6
{[%clk 0:49:59]} Rd8 {[%clk 0:24:12]} 21. Nb5 {[%clk 0:47:45]} f6
{[%clk 0:07:18]} 22. Nxa7 {[%clk 0:34:30]} Kf7 {[%clk 0:05:45]} 23. Bxa6
{[%clk 0:30:14]} Nxa6 {[%clk 0:05:50]} 24. Rb7 {[%clk 0:29:39]} Nc5
{[%clk 0:02:10]} 25. Bxc5 {[%clk 0:25:10]} Qxc5 {[%clk 0:02:38]} 26. O-O
{[%clk 0:25:20]} Rhe8 {[%clk 0:01:21]} 27. Qd4 {[%clk 0:23:35]} Qxd4
{[%clk 0:01:30]} 28. cxd4 {[%clk 0:23:48]} Kg6 {[%clk 0:01:01]} 29. Rc1
{[%clk 0:24:01]} Ba4 {[%clk 0:00:35]} 30. Rcc7 {[%clk 0:24:17]} Rg8
{[%clk 0:01:03]} 31. Rb6 {[%clk 0:23:02]} Rb8 {[%clk 0:00:53]} 32. Rxe6
{[%clk 0:23:00]} Rb1+ {[%clk 0:01:15]} 33. Kf2 {[%clk 0:23:27]} Rb2+
{[%clk 0:00:35]} 34. Kg3 {[%clk 0:23:53]} Rxa2 {[%clk 0:01:02]} 35. Ree7
{[%clk 0:22:08]} Bb3 {[%clk 0:00:32]} 36. Nc8 {[%clk 0:19:29]} Bc4
{[%clk 0:00:46]} 37. Red7 {[%clk 0:18:50]} Rxc8 {[%clk 0:00:00]} 1-0

[Event "H. C. Andersen Mindgames"]
[Site "?"]
[Date "2012.05.19"]
[Round "6.5"]
[White "Aagaard, 2505, GM Jacob"]
[Black "Antonsen, 2446, IM Mikkel"]
[Result "1/2-1/2"]
[LiveChessVersion "1.3.1"]
[BlackElo "2446"]
[WhiteElo "2505"]

1. e4 {[%clk 1:26:14]} e5 {[%clk 1:30:42]} 2. Nf3 {[%clk 1:26:35]} Nc6
{[%clk 1:31:08]} 3. Bb5 {[%clk 1:26:58]} Nf6 {[%clk 1:30:59]} 4. O-O
{[%clk 1:27:18]} Nxe4 {[%clk 1:31:21]} 5. d4 {[%clk 1:27:39]} Nd6
{[%clk 1:31:31]} 6. dxe5 {[%clk 1:28:02]} Nxb5 {[%clk 1:31:53]} 7. a4
{[%clk 1:28:26]} Nbd4 {[%clk 1:31:18]} 8. Nxd4 {[%clk 1:28:48]} Nxd4
{[%clk 1:30:17]} 9. Qxd4 {[%clk 1:29:10]} d5 {[%clk 1:30:17]} 10. exd6
{[%clk 1:29:34]} Qxd6 {[%clk 1:30:38]} 11. Qe3+ {[%clk 1:29:36]} Be7
{[%clk 1:20:46]} 12. Re1 {[%clk 1:24:30]} Be6 {[%clk 1:21:00]} 13. Nc3
{[%clk 1:24:51]} a6 {[%clk 0:44:31]} 14. Ne4 {[%clk 1:14:47]} Qc6
{[%clk 0:44:46]} 15. Ng5 {[%clk 1:06:49]} 1/2-1/2

[Event "H. C. Andersen Mindgames"]
[Site "?"]
[Date "2012.05.19"]
[Round "6.6"]
[White "Hansen, 2302, FM Mads"]
[Black "Haub, 2476, IM Thorsten Michael"]
[Result "0-1"]
[LiveChessVersion "1.3.1"]
[BlackElo "2476"]
[WhiteElo "2302"]

1. e4 {[%clk 1:29:37]} g6 {[%clk 1:30:51]} 2. d4 {[%clk 1:30:00]} Bg7
{[%clk 1:31:19]} 3. Nf3 {[%clk 1:30:19]} d6 {[%clk 1:31:41]} 4. Bc4
{[%clk 1:30:10]} a6 {[%clk 1:32:04]} 5. a4 {[%clk 1:30:25]} b6 {[%clk 1:32:29]}
6. O-O {[%clk 1:30:14]} e6 {[%clk 1:32:54]} 7. Re1 {[%clk 1:30:18]} Ne7
{[%clk 1:32:46]} 8. Bb3 {[%clk 1:30:08]} Nd7 {[%clk 1:28:38]} 9. Nbd2
{[%clk 1:30:20]} O-O {[%clk 1:27:39]} 10. c3 {[%clk 1:30:01]} h6 {[%clk 1:26:01]}
11. Nf1 {[%clk 1:29:46]} Kh7 {[%clk 1:21:39]} 12. Ng3 {[%clk 1:27:43]} Bb7
{[%clk 1:19:46]} 13. Qe2 {[%clk 1:23:25]} c5 {[%clk 1:15:40]} 14. h4
{[%clk 1:16:19]} Nc6 {[%clk 1:09:01]} 15. h5 {[%clk 1:15:16]} cxd4
{[%clk 1:08:49]} 16. cxd4 {[%clk 1:15:14]} Nxd4 {[%clk 1:01:54]} 17. Nxd4
{[%clk 1:13:52]} Bxd4 {[%clk 1:02:17]} 18. Qd2 {[%clk 1:09:40]} Bg7
{[%clk 1:01:49]} 19. hxg6+ {[%clk 1:05:05]} fxg6 {[%clk 0:58:27]} 20. Bxe6
{[%clk 1:03:52]} Ne5 {[%clk 0:56:07]} 21. Ra3 {[%clk 0:49:24]} Qf6
{[%clk 0:54:32]} 22. Ba2 {[%clk 0:47:48]} Ng4 {[%clk 0:51:35]} 23. Nh1
{[%clk 0:37:10]} Rac8 {[%clk 0:50:57]} 24. Rg3 {[%clk 0:27:16]} h5
{[%clk 0:49:54]} 25. Qe2 {[%clk 0:23:46]} Rce8 {[%clk 0:42:34]} 26. Rxg4
{[%clk 0:12:35]} hxg4 {[%clk 0:40:09]} 27. Qxg4 {[%clk 0:13:04]} Re5
{[%clk 0:37:04]} 28. Re3 {[%clk 0:09:00]} Rh5 {[%clk 0:32:31]} 29. Rh3
{[%clk 0:07:46]} Bh6 {[%clk 0:31:42]} 30. Bxh6 {[%clk 0:05:12]} Bc8
{[%clk 0:30:25]} 31. Qg3 {[%clk 0:04:02]} Rxh3 {[%clk 0:28:28]} 32. gxh3
{[%clk 0:04:18]} Kxh6 {[%clk 0:28:49]} 33. Kf1 {[%clk 0:03:08]} Qf4
{[%clk 0:27:26]} 34. Bc4 {[%clk 0:01:24]} 0-1

[Event "H. C. Andersen Mindgames"]
[Site "?"]
[Date "2012.05.19"]
[Round "6.9"]
[White "Carlstedt, 2354, IM Jonathan"]
[Black "Wilton, 2151, Lars"]
[Result "1-0"]
[LiveChessVersion "1.3.1"]
[BlackElo "2151"]
[WhiteElo "2354"]

1. c4 {[%clk 1:30:25]} Nf6 {[%clk 1:27:29]} 2. g3 {[%clk 1:30:47]} e5
{[%clk 1:23:53]} 3. Bg2 {[%clk 1:30:08]} c6 {[%clk 1:24:19]} 4. d4
{[%clk 1:30:18]} exd4 {[%clk 1:24:16]} 5. Qxd4 {[%clk 1:30:40]} d5
{[%clk 1:24:35]} 6. cxd5 {[%clk 1:30:34]} cxd5 {[%clk 1:22:31]} 7. Nf3
{[%clk 1:30:57]} Nc6 {[%clk 1:22:53]} 8. Qa4 {[%clk 1:31:21]} Bd7
{[%clk 1:18:46]} 9. O-O {[%clk 1:30:18]} Bc5 {[%clk 1:15:47]} 10. Qc2
{[%clk 1:28:41]} Bb6 {[%clk 1:15:02]} 11. Nc3 {[%clk 1:28:52]} d4
{[%clk 1:13:03]} 12. Na4 {[%clk 1:26:02]} Rc8 {[%clk 1:09:20]} 13. Nxb6
{[%clk 1:20:48]} Qxb6 {[%clk 1:09:25]} 14. Bg5 {[%clk 1:20:29]} Ne5
{[%clk 1:03:55]} 15. Qb3 {[%clk 1:16:10]} Nxf3+ {[%clk 0:56:16]} 16. Bxf3
{[%clk 1:15:02]} Bc6 {[%clk 0:47:53]} 17. Bxf6 {[%clk 1:15:06]} gxf6
{[%clk 0:46:42]} 18. Bh5 {[%clk 1:09:11]} Qxb3 {[%clk 0:35:40]} 19. axb3
{[%clk 1:08:34]} O-O {[%clk 0:31:13]} 20. Rfd1 {[%clk 1:07:52]} Rfd8
{[%clk 0:29:47]} 21. Bg4 {[%clk 1:07:33]} Ra8 {[%clk 0:29:11]} 22. Rd3
{[%clk 1:02:45]} Be4 {[%clk 0:17:21]} 23. Rd2 {[%clk 1:01:50]} Rd6
{[%clk 0:16:02]} 24. Ra4 {[%clk 0:59:32]} Rad8 {[%clk 0:12:00]} 25. f3
{[%clk 0:52:11]} Bc6 {[%clk 0:11:23]} 26. Rxa7 {[%clk 0:52:29]} d3
{[%clk 0:10:38]} 27. e4 {[%clk 0:48:15]} Rd4 {[%clk 0:06:40]} 28. Kf2
{[%clk 0:47:16]} Rb4 {[%clk 0:06:59]} 29. Ra3 {[%clk 0:47:40]} Bb5
{[%clk 0:07:15]} 30. Ke3 {[%clk 0:48:01]} Kf8 {[%clk 0:07:07]} 31. Bh3
{[%clk 0:46:15]} Rd6 {[%clk 0:06:48]} 32. Bf1 {[%clk 0:42:39]} Ra6
{[%clk 0:07:11]} 33. Bxd3 {[%clk 0:41:23]} Rxa3 {[%clk 0:07:30]} 34. bxa3
{[%clk 0:41:47]} Rxb3 {[%clk 0:07:52]} 35. Kd4 {[%clk 0:41:56]} Ba4
{[%clk 0:04:44]} 36. Ra2 {[%clk 0:41:57]} Rb6 {[%clk 0:04:19]} 37. Bc4
{[%clk 0:41:43]} Rb1 {[%clk 0:04:15]} 38. Bd3 {[%clk 0:37:56]} Rb6
{[%clk 0:04:00]} 39. Ra1 {[%clk 0:38:12]} Rd6+ {[%clk 0:04:03]} 40. Ke3
{[%clk 0:38:30]} Ke7 {[%clk 0:03:57]} 41. Rb1 {[%clk 0:38:27]} Bc6
{[%clk 0:04:21]} 42. h4 {[%clk 0:38:31]} h6 {[%clk 0:04:48]} 43. Rc1
{[%clk 0:37:23]} Rd8 {[%clk 0:05:08]} 44. Rc3 {[%clk 0:35:26]} Rg8
{[%clk 0:05:24]} 45. g4 {[%clk 0:34:11]} Kd6 {[%clk 0:05:46]} 46. Bc4
{[%clk 0:33:02]} Ke7 {[%clk 0:05:28]} 47. Bd5 {[%clk 0:31:41]} Bxd5
{[%clk 0:05:38]} 48. exd5 {[%clk 0:32:05]} Kd6 {[%clk 0:05:58]} 49. Rb3
{[%clk 0:32:00]} Kxd5 {[%clk 0:05:23]} 50. Rxb7 {[%clk 0:32:06]} Ra8
{[%clk 0:04:02]} 51. Rxf7 {[%clk 0:31:15]} Rxa3+ {[%clk 0:04:28]} 52. Kf4
{[%clk 0:31:27]} Ke6 {[%clk 0:02:53]} 53. Rh7 {[%clk 0:30:33]} 1-0

[Event "H. C. Andersen Mindgames"]
[Site "?"]
[Date "2012.05.19"]
[Round "6.10"]
[White "Bonnelykke, 2027, Ole"]
[Black "Jacobsen, 2337, Bo"]
[Result "1/2-1/2"]
[LiveChessVersion "1.3.1"]
[BlackElo "2337"]
[WhiteElo "2027"]

1. e4 {[%clk 1:30:57]} e5 {[%clk 1:29:51]} 2. Nf3 {[%clk 1:31:06]} Nc6
{[%clk 1:30:13]} 3. Bc4 {[%clk 1:31:27]} Be7 {[%clk 1:30:33]} 4. d3
{[%clk 1:31:11]} Nf6 {[%clk 1:30:49]} 5. Bb3 {[%clk 1:30:38]} O-O
{[%clk 1:31:05]} 6. O-O {[%clk 1:30:41]} h6 {[%clk 1:31:13]} 7. Re1
{[%clk 1:30:08]} Re8 {[%clk 1:31:36]} 8. Nbd2 {[%clk 1:29:24]} Bf8
{[%clk 1:31:18]} 9. Nf1 {[%clk 1:28:34]} Na5 {[%clk 1:30:00]} 10. Ng3
{[%clk 1:25:49]} Nxb3 {[%clk 1:30:01]} 11. axb3 {[%clk 1:26:07]} d5
{[%clk 1:29:22]} 12. h3 {[%clk 1:24:25]} g6 {[%clk 1:19:07]} 13. exd5
{[%clk 1:19:32]} Qxd5 {[%clk 1:18:16]} 14. Nd2 {[%clk 1:08:00]} Bg7
{[%clk 1:16:14]} 15. Nde4 {[%clk 1:06:54]} Nh7 {[%clk 1:06:18]} 16. Nc3
{[%clk 1:02:57]} Qc6 {[%clk 1:03:57]} 17. b4 {[%clk 0:58:51]} b5 {[%clk 1:00:52]}
18. Qf3 {[%clk 0:50:42]} Qxf3 {[%clk 0:59:22]} 19. gxf3 {[%clk 0:51:06]} c6
{[%clk 0:59:36]} 20. Kg2 {[%clk 0:48:38]} Nf6 {[%clk 0:50:23]} 21. Nge4
{[%clk 0:43:58]} Nxe4 {[%clk 0:45:33]} 22. Nxe4 {[%clk 0:41:36]} Rd8
{[%clk 0:37:11]} 23. Be3 {[%clk 0:36:27]} f5 {[%clk 0:35:39]} 24. Nc5
{[%clk 0:35:43]} a6 {[%clk 0:33:44]} 25. Bd2 {[%clk 0:34:31]} e4 {[%clk 0:28:38]}
26. fxe4 {[%clk 0:27:06]} Bxb2 {[%clk 0:28:19]} 27. Ra2 {[%clk 0:26:08]} Bd4
{[%clk 0:27:52]} 28. exf5 {[%clk 0:22:18]} Bxf5 {[%clk 0:23:04]} 29. Ne6
{[%clk 0:17:37]} Rd6 {[%clk 0:20:53]} 30. Nxd4 {[%clk 0:17:27]} Rxd4
{[%clk 0:21:20]} 31. Re7 {[%clk 0:09:36]} g5 {[%clk 0:18:34]} 32. Ra1
{[%clk 0:08:55]} Rd7 {[%clk 0:18:15]} 33. Rae1 {[%clk 0:08:01]} Rf8
{[%clk 0:14:43]} 34. h4 {[%clk 0:06:13]} gxh4 {[%clk 0:13:43]} 35. Bxh6
{[%clk 0:06:15]} Rxe7 {[%clk 0:09:25]} 36. Rxe7 {[%clk 0:06:30]} Rf7
{[%clk 0:09:53]} 37. Rxf7 {[%clk 0:05:58]} Kxf7 {[%clk 0:10:02]} 38. Be3
{[%clk 0:03:06]} Ke6 {[%clk 0:10:19]} 39. Bb6 {[%clk 0:01:39]} Kd5
{[%clk 0:10:31]} 40. Ba7 {[%clk 0:01:35]} c5 {[%clk 0:06:33]} 41. Bxc5
{[%clk 0:01:39]} a5 {[%clk 0:06:58]} 42. Be7 {[%clk 0:01:39]} h3+
{[%clk 0:07:00]} 43. Kg3 {[%clk 0:01:53]} a4 {[%clk 0:07:01]} 44. Bf6
{[%clk 0:02:05]} a3 {[%clk 0:07:25]} 45. Bg7 {[%clk 0:02:13]} Be6
{[%clk 0:04:16]} 46. Ba1 {[%clk 0:02:09]} Kc6 {[%clk 0:04:26]} 47. Bf6
{[%clk 0:02:23]} 1/2-1/2

[Event "H. C. Andersen Mindgames"]
[Site "?"]
[Date "2012.05.19"]
[Round "6.11"]
[White "Fries-Nielsen, 2326, Niels Jorgen"]
[Black "Christiansen, 2151, Jens Jorgen"]
[Result "1-0"]
[LiveChessVersion "1.3.1"]
[BlackElo "2151"]
[WhiteElo "2326"]

1. Nf3 {[%clk 1:30:04]} d5 {[%clk 1:30:50]} 2. c4 {[%clk 1:30:22]} c6
{[%clk 1:31:08]} 3. b3 {[%clk 1:30:09]} Nf6 {[%clk 1:31:09]} 4. Bb2
{[%clk 1:30:10]} Bf5 {[%clk 1:30:49]} 5. d3 {[%clk 1:30:07]} e6 {[%clk 1:31:03]}
6. Nbd2 {[%clk 1:29:14]} Nbd7 {[%clk 1:31:05]} 7. g3 {[%clk 1:25:13]} Be7
{[%clk 1:28:00]} 8. Bg2 {[%clk 1:23:50]} h6 {[%clk 1:28:13]} 9. O-O
{[%clk 1:24:13]} O-O {[%clk 1:28:35]} 10. Qc2 {[%clk 1:20:02]} Bh7
{[%clk 1:26:54]} 11. a3 {[%clk 1:15:06]} a5 {[%clk 1:27:01]} 12. Rad1
{[%clk 1:10:53]} Qc7 {[%clk 1:10:06]} 13. cxd5 {[%clk 1:04:03]} exd5
{[%clk 1:07:52]} 14. e4 {[%clk 1:01:26]} dxe4 {[%clk 0:54:25]} 15. dxe4
{[%clk 0:59:38]} Rfd8 {[%clk 0:51:47]} 16. h3 {[%clk 0:55:34]} Rac8
{[%clk 0:48:57]} 17. Kh2 {[%clk 0:54:01]} b5 {[%clk 0:46:15]} 18. Nd4
{[%clk 0:44:22]} Qb6 {[%clk 0:45:42]} 19. f4 {[%clk 0:35:45]} c5 {[%clk 0:41:08]}
20. N4f3 {[%clk 0:32:21]} Nd5 {[%clk 0:38:02]} 21. Qd3 {[%clk 0:28:55]} Bf6
{[%clk 0:33:51]} 22. Ne5 {[%clk 0:25:21]} Nxe5 {[%clk 0:22:10]} 23. fxe5
{[%clk 0:25:27]} c4 {[%clk 0:08:02]} 24. Qf3 {[%clk 0:20:11]} Ne3
{[%clk 0:05:45]} 25. exf6 {[%clk 0:20:15]} c3 {[%clk 0:05:11]} 26. fxg7
{[%clk 0:19:53]} Nxf1+ {[%clk 0:05:20]} 27. Rxf1 {[%clk 0:19:59]} Bg6
{[%clk 0:04:24]} 28. Bxc3 {[%clk 0:20:22]} b4 {[%clk 0:02:38]} 29. axb4
{[%clk 0:19:43]} axb4 {[%clk 0:03:04]} 30. Nc4 {[%clk 0:19:54]} Rxc4
{[%clk 0:02:45]} 31. bxc4 {[%clk 0:20:00]} bxc3 {[%clk 0:03:14]} 32. Qxc3
{[%clk 0:20:20]} Qd4 {[%clk 0:03:22]} 33. Qxd4 {[%clk 0:20:01]} Rxd4
{[%clk 0:03:50]} 34. Rc1 {[%clk 0:20:23]} Bxe4 {[%clk 0:03:41]} 35. Bxe4
{[%clk 0:20:45]} Rxe4 {[%clk 0:04:09]} 36. c5 {[%clk 0:21:10]} Re7
{[%clk 0:04:34]} 37. c6 {[%clk 0:21:28]} Rc7 {[%clk 0:05:03]} 38. Kg2
{[%clk 0:21:31]} Kxg7 {[%clk 0:05:32]} 39. Kf3 {[%clk 0:21:56]} f5
{[%clk 0:04:22]} 40. Ke3 {[%clk 0:21:59]} Kf6 {[%clk 0:04:05]} 41. Kd4
{[%clk 0:22:25]} 1-0

[Event "H. C. Andersen Mindgames"]
[Site "?"]
[Date "2012.05.19"]
[Round "6.12"]
[White "Ochsner, 2285, Bjorn Moller"]
[Black "Stolberg-Rohr, 1985, Thomine"]
[Result "1-0"]
[LiveChessVersion "1.3.1"]
[BlackElo "1985"]
[WhiteElo "2285"]

1. e4 {[%clk 1:30:44]} c6 {[%clk 1:30:48]} 2. d4 {[%clk 1:30:59]} d5
{[%clk 1:31:10]} 3. Nc3 {[%clk 1:31:22]} dxe4 {[%clk 1:31:28]} 4. Nxe4
{[%clk 1:31:28]} Bf5 {[%clk 1:31:51]} 5. Ng3 {[%clk 1:31:53]} Bg6
{[%clk 1:32:02]} 6. h4 {[%clk 1:32:13]} h6 {[%clk 1:32:26]} 7. Nf3
{[%clk 1:32:39]} Nd7 {[%clk 1:32:47]} 8. h5 {[%clk 1:33:00]} Bh7 {[%clk 1:33:05]}
9. Bd3 {[%clk 1:33:22]} Bxd3 {[%clk 1:33:23]} 10. Qxd3 {[%clk 1:33:43]} e6
{[%clk 1:33:45]} 11. Bd2 {[%clk 1:33:52]} Ngf6 {[%clk 1:33:46]} 12. O-O-O
{[%clk 1:34:04]} Be7 {[%clk 1:31:13]} 13. Qe2 {[%clk 1:30:27]} Qb6
{[%clk 1:23:28]} 14. Ne5 {[%clk 1:24:06]} Rd8 {[%clk 1:05:16]} 15. Rhe1
{[%clk 1:16:12]} c5 {[%clk 0:58:11]} 16. Ba5 {[%clk 0:43:31]} Qxa5
{[%clk 0:55:32]} 17. Nxf7 {[%clk 0:43:39]} O-O {[%clk 0:49:50]} 18. Nxd8
{[%clk 0:41:51]} Bxd8 {[%clk 0:45:37]} 19. Qxe6+ {[%clk 0:41:33]} Kh8
{[%clk 0:43:35]} 20. Nf5 {[%clk 0:34:11]} cxd4 {[%clk 0:34:43]} 21. Rxd4
{[%clk 0:22:49]} Bb6 {[%clk 0:21:53]} 22. Rdd1 {[%clk 0:18:22]} Re8
{[%clk 0:11:53]} 23. Qf7 {[%clk 0:17:30]} Qxf5 {[%clk 0:10:50]} 24. Rxe8+
{[%clk 0:17:42]} Kh7 {[%clk 0:11:02]} 25. Rxd7 {[%clk 0:13:00]} Qg5+
{[%clk 0:08:55]} 26. Kb1 {[%clk 0:09:43]} Qxg2 {[%clk 0:06:50]} 27. Rd1
{[%clk 0:04:41]} Nxe8 {[%clk 0:05:18]} 28. Qxe8 {[%clk 0:04:52]} Qxf2
{[%clk 0:04:28]} 29. Qe4+ {[%clk 0:04:23]} Kh8 {[%clk 0:04:39]} 30. Qxb7
{[%clk 0:04:28]} Qc5 {[%clk 0:04:05]} 31. Qd5 {[%clk 0:04:37]} Qe7
{[%clk 0:03:37]} 32. a3 {[%clk 0:04:15]} Qf6 {[%clk 0:03:26]} 33. Re1
{[%clk 0:04:13]} Qf8 {[%clk 0:01:59]} 34. Qc6 {[%clk 0:04:41]} Kh7
{[%clk 0:01:41]} 35. Qg6+ {[%clk 0:04:57]} 1-0

[Event "H. C. Andersen Mind Games"]
[Site "?"]
[Date "2012.05.19"]
[Round "6.13"]
[White "Rewitz, 2253, FM Poul"]
[Black "Hauge, 2071, Lars Oskar"]
[Result "0-1"]
[BlackElo "2071"]
[WhiteElo "2253"]

1. e4 {[%clk 1:30:50]} c5 {[%clk 1:30:58]} 2. b4 {[%clk 1:31:13]} cxb4
{[%clk 1:31:01]} 3. a3 {[%clk 1:31:36]} d5 {[%clk 1:31:11]} 4. exd5
{[%clk 1:31:55]} Qxd5 {[%clk 1:31:35]} 5. Bb2 {[%clk 1:32:12]} e5
{[%clk 1:29:27]} 6. Qf3 {[%clk 1:32:15]} Qxf3 {[%clk 1:27:29]} 7. Nxf3
{[%clk 1:32:35]} f6 {[%clk 1:27:43]} 8. d4 {[%clk 1:32:17]} e4 {[%clk 1:20:35]}
9. Nfd2 {[%clk 1:32:07]} f5 {[%clk 1:19:09]} 10. axb4 {[%clk 1:32:12]} Bxb4
{[%clk 1:19:26]} 11. c3 {[%clk 1:30:51]} Bd6 {[%clk 1:17:53]} 12. Na3
{[%clk 1:28:55]} Bxa3 {[%clk 1:14:35]} 13. Rxa3 {[%clk 1:22:26]} Nf6
{[%clk 1:09:28]} 14. Nc4 {[%clk 1:20:25]} Nc6 {[%clk 1:06:39]} 15. Nb6
{[%clk 1:01:36]} Rb8 {[%clk 1:06:30]} 16. Nxc8 {[%clk 1:01:49]} Rxc8
{[%clk 1:06:49]} 17. Rb3 {[%clk 0:57:26]} b6 {[%clk 1:04:59]} 18. Rb5
{[%clk 0:52:53]} g6 {[%clk 1:03:09]} 19. Bc4 {[%clk 0:32:05]} Nxd4
{[%clk 1:01:03]} 20. Re5+ {[%clk 0:31:58]} Kd7 {[%clk 0:58:30]} 21. Ba6
{[%clk 0:30:00]} Nc6 {[%clk 0:53:49]} 22. Bxc8+ {[%clk 0:29:12]} Rxc8
{[%clk 0:54:08]} 23. Rb5 {[%clk 0:29:13]} Kc7 {[%clk 0:53:01]} 24. c4
{[%clk 0:23:40]} a6 {[%clk 0:50:44]} 25. Rb3 {[%clk 0:20:28]} Nd7
{[%clk 0:51:06]} 26. Rh3 {[%clk 0:19:55]} h5 {[%clk 0:50:56]} 27. Ke2
{[%clk 0:14:25]} Nc5 {[%clk 0:49:07]} 28. Rg3 {[%clk 0:13:10]} Nd3
{[%clk 0:48:59]} 29. Ba1 {[%clk 0:12:19]} Rd8 {[%clk 0:39:45]} 30. Rb1
{[%clk 0:10:21]} h4 {[%clk 0:35:23]} 31. Rg5 {[%clk 0:06:55]} Nf4+
{[%clk 0:34:54]} 32. Kf1 {[%clk 0:05:46]} Rg8 {[%clk 0:34:53]} 33. g3
{[%clk 0:04:52]} Ne6 {[%clk 0:34:58]} 34. gxh4 {[%clk 0:05:16]} Nxg5
{[%clk 0:35:21]} 35. hxg5 {[%clk 0:05:39]} Na5 {[%clk 0:32:49]} 36. c5
{[%clk 0:02:30]} b5 {[%clk 0:32:55]} 37. Bf6 {[%clk 0:02:21]} Nc4
{[%clk 0:32:59]} 38. Kg2 {[%clk 0:02:36]} Kc6 {[%clk 0:31:50]} 39. h4
{[%clk 0:02:18]} a5 {[%clk 0:31:45]} 40. h5 {[%clk 0:02:14]} gxh5
{[%clk 0:32:10]} 41. Kg3 {[%clk 0:01:37]} Kxc5 {[%clk 0:19:37]} 42. Be7+
{[%clk 0:02:02]} Kc6 {[%clk 0:19:05]} 43. Kf4 {[%clk 0:02:24]} b4
{[%clk 0:17:30]} 44. Kxf5 {[%clk 0:02:23]} Kd7 {[%clk 0:10:29]} 45. Bf6
{[%clk 0:02:48]} e3 {[%clk 0:10:14]} 46. Rd1+ {[%clk 0:01:46]} Nd6+
{[%clk 0:09:32]} 47. Ke5 {[%clk 0:01:36]} Re8+ {[%clk 0:09:53]} 48. Kf4
{[%clk 0:01:49]} exf2 {[%clk 0:09:39]} 49. Be5 {[%clk 0:00:58]} Rf8+
{[%clk 0:09:52]} 50. Bf6 {[%clk 0:01:24]} Ke6 {[%clk 0:09:50]} 51. Rf1
{[%clk 0:00:42]} Ne8 {[%clk 0:10:14]} 52. Rxf2 {[%clk 0:00:55]} Nxf6
{[%clk 0:10:37]} 53. Re2+ {[%clk 0:01:20]} Kd6 {[%clk 0:10:44]} 0-1